[Event "Wch U14"]
[Site "Montesilvano"]
[Date "2023.11.18"]
[Round "6"]
[White "Terlouw, Wouter"]
[Black "Katsanis, Vasileios Dimitrios"]
[Result "0-1"]
[WhiteElo "1932"]
[BlackElo "2173"]
[PlyCount "78"]
[EventDate "2023.11.13"]
[EventType "swiss"]
[EventRounds "11"]
[EventCountry "ITA"]
[SourceTitle "CB48_2023"]
[SourceDate "2023.11.29"]
[SourceVersion "1"]
[SourceVersionDate "2023.11.29"]
[SourceQuality "1"]

1. d4 d5 2. c4 e6 3. Nf3 Nf6 4. g3 Be7 5. Bg2 0-0 6. Nc3 dxc4 7. Ne5 Nc6 8. Bxc6 bxc6 9. Nxc6 Qe8 10. Nxe7+ Qxe7 11. Qa4 Bb7 12. f3 e5 13. dxe5 Qxe5 14. Bf4 Qe6 15. 0-0-0 Rfc8 16. e4 a5 17. Rd4 Qb6 18. Rhd1 Rab8 19. Qb5 Qe6 20. Bxc7 Bc6 21. Qxb8 Rxb8 22. Bxb8 Ne8 23. Bf4 h6 24. Nd5 g5 25. Bd2 Bb5 26. Bc3 Ba4 27. b3 Bc6 28. Rxc4 Kh7 29. Rcd4 Bb5 30. Kb2 Be2 31. R1d2 Bxf3 32. e5 a4 33. Nf6+ Nxf6 34. exf6 Qxf6 35. Rf4 a3+ 36. Kc2 Qg6+ 37. Rd3 gxf4 38. Kd2 fxg3 39. Rd8 Qg5+ 0-1

[Event "Wch U14"]
[Site "Montesilvano"]
[Date "2023.11.14"]
[Round "2"]
[White "Terlouw, Wouter"]
[Black "Brattgjerd, Isak Vinh"]
[Result "0-1"]
[WhiteElo "1932"]
[BlackElo "2235"]
[PlyCount "136"]
[EventDate "2023.11.13"]
[EventType "swiss"]
[EventRounds "11"]
[EventCountry "ITA"]
[SourceTitle "CB48_2023"]
[SourceDate "2023.11.29"]
[SourceVersion "1"]
[SourceVersionDate "2023.11.29"]
[SourceQuality "1"]

1. d4 d5 2. Nf3 Nf6 3. g3 h6 4. Bg2 Bf5 5. c4 e6 6. Nc3 Nc6 7. 0-0 Be7 8. Bf4 0-0 9. Ne5 Bb4 10. Nxc6 bxc6 11. Qa4 Bxc3 12. bxc3 Qd7 13. f3 Bg6 14. Rfe1 Rfb8 15. e4 Rb6 16. c5 Rb7 17. e5 Nh7 18. Bf1 a5 19. h4 Nf8 20. Rad1 h5 21. Rd2 Bf5 22. Ree2 Ng6 23. Bg5 Rba7 24. Rb2 Rf8 25. Rb3 f6 26. exf6 gxf6 27. Bh6 Re8 28. Reb2 Kh7 29. Bd2 e5 30. Rb7 Rxb7 31. Rxb7 Ra8 32. Qd1 Qg7 33. f4 Bg4 34. Be2 Bc8 35. Rb1 Nxh4 36. Bd3+ Kg8 37. Kf2 Nf5 38. Bxf5 Bxf5 39. Rb7 Bc8 40. Rb1 Bf5 41. Rb7 Bc8 42. Rb1 Bg4 43. Qe1 exd4 44. cxd4 Qg6 45. Rb3 Kf8 46. Qb1 Qf7 47. Rb8+ Rxb8 48. Qxb8+ Kg7 49. Qb3 a4 50. Qe3 Kf8 51. a3 Qh7 52. Be1 Qc2+ 53. Bd2 Kf7 54. Kg2 Bf5 55. Qe2 Bg4 56. Qe3 Qd1 57. Qe1 Qf3+ 58. Kh2 Qxa3 59. Qb1 Kg7 60. Qe1 Kf8 61. f5 Bxf5 62. Qf1 Qb2 63. Qxf5 Qxd2+ 64. Kh3 Qxd4 65. Qc8+ Kg7 66. Qxc7+ Kh6 67. Qxc6 a3 68. Qa6 Qa1 0-1

[Event "World ol U16"]
[Site "Eindhoven"]
[Date "2023.08.18"]
[Round "9.14"]
[White "Terlouw, Wouter"]
[Black "Ermitsch, Magnus"]
[Result "1-0"]
[WhiteElo "1845"]
[BlackElo "2221"]
[PlyCount "157"]
[EventDate "2023.08.13"]
[EventType "team-swiss"]
[EventRounds "9"]
[EventCountry "NED"]
[SourceTitle "CBM 215 Extra"]
[Source "ChessBase"]
[SourceDate "2023.09.30"]
[SourceVersion "1"]
[SourceVersionDate "2023.09.30"]
[SourceQuality "1"]
[WhiteTeam "Netherlands III"]
[BlackTeam "Germany"]
[WhiteTeamCountry "NED"]
[BlackTeamCountry "GER"]

1. d4 d5 2. c4 c6 3. Nc3 Nf6 4. Nf3 e6 5. Bg5 h6 6. Bh4 dxc4 7. e4 g5 8. Bg3 b5 9. Ne5 Nbd7 10. Be2 Bb7 11. 0-0 Bg7 12. Nxf7 Kxf7 13. e5 Nd5 14. Ne4 Rf8 15. Nd6+ Kg8 16. Nxb7 Qe7 17. Nd6 N7b6 18. Bf3 Rad8 19. Be4 a6 20. Qh5 Rxd6 21. exd6 Qe8 22. Qxe8 Rxe8 23. Be5 Nd7 24. Bxd5 cxd5 25. Bxg7 Kxg7 26. a4 b4 27. f4 Kg6 28. Rae1 gxf4 29. Rxf4 Nf6 30. Ref1 Ne4 31. Rf8 Rxf8 32. Rxf8 Nxd6 33. Rd8 Nf5 34. Kf2 Nxd4 35. Rc8 Kf6 36. g4 Nb3 37. Ke2 a5 38. h4 e5 39. Rc6+ Kg7 40. Rc7+ Kf6 41. Rc6+ Kg7 42. Rc7+ Kf6 43. h5 e4 44. Kf2 Kg5 45. Kg3 Kf6 46. Rc6+ Kg7 47. Kf4 Nd4 48. Rg6+ Kh7 49. Ke5 Nf3+ 50. Kxd5 c3 51. bxc3 b3 52. Rb6 e3 53. Rb7+ Kg8 54. Rxb3 e2 55. Rb1 e1Q 56. Rxe1 Nxe1 57. c4 Kf7 58. c5 Nf3 59. Kc6 Ke7 60. Kb7 Ne5 61. c6 Nf7 62. c7 Nd6+ 63. Kb8 Kf6 64. c8Q Nxc8 65. Kxc8 Kg5 66. Kb7 Kxg4 67. Kb6 Kxh5 68. Kxa5 Kg4 69. Kb6 h5 70. a5 h4 71. a6 Kg3 72. a7 h3 73. a8Q Kh2 74. Qb8+ Kg2 75. Qg8+ Kh1 76. Qd5+ Kg1 77. Qg5+ Kh1 78. Qf4 Kg2 79. Qg4+ 1-0

[Event "World ol U16"]
[Site "Eindhoven"]
[Date "2023.08.17"]
[Round "7.17"]
[White "He, Matthew"]
[Black "Terlouw, Wouter"]
[Result "0-1"]
[WhiteElo "1839"]
[BlackElo "1845"]
[PlyCount "81"]
[EventDate "2023.08.13"]
[EventType "team-swiss"]
[EventRounds "9"]
[EventCountry "NED"]
[SourceTitle "CBM 215 Extra"]
[Source "ChessBase"]
[SourceDate "2023.09.30"]
[SourceVersion "1"]
[SourceVersionDate "2023.09.30"]
[SourceQuality "1"]
[WhiteTeam "Canada III"]
[BlackTeam "Netherlands III"]
[WhiteTeamCountry "CAN"]
[BlackTeamCountry "NED"]

1. d4 Nf6 2. c4 e6 3. Nc3 Bb4 4. Qc2 c5 5. dxc5 0-0 6. a3 Bxc5 7. Nf3 b6 8. Bg5 Bb7 9. e4 Be7 10. Rd1 h6 11. Bf4 Nc6 12. Be2 Rc8 13. b4 a5 14. b5 Nb8 15. Bd6 Bxd6 16. Rxd6 Qc7 17. Rd4 d6 18. 0-0 Rfd8 19. Rfd1 Ne8 20. Qd2 Kf8 21. g4 Ke7 22. g5 Nd7 23. gxh6 gxh6 24. Qxh6 Ndf6 25. Nh4 Qc5 26. Nd5+ exd5 27. Nf5+ Kd7 28. Qf8 Kc7 29. cxd5 Kb8 30. Ne7 Nc7 31. Qh6 Ng8 32. Qh4 Nxe7 33. Qxe7 Qxa3 34. Rc4 Rg8+ 35. Kf1 Qh3+ 36. Ke1 Qxh2 37. Rdc1 Qh1+ 38. Kd2 Qh6+ 39. Ke1 Na8 40. e5 dxe5 41. Qxe5+ 0-1

[Event "NED-ch U14"]
[Site "Almelo"]
[Date "2023.05.02"]
[Round "3"]
[White "Zecha, Oscar"]
[Black "Terlouw, Wouter"]
[Result "1-0"]
[WhiteElo "1879"]
[BlackElo "1923"]
[PlyCount "77"]
[EventDate "2023.04.30"]
[EventType "swiss"]
[EventRounds "9"]
[EventCountry "NED"]
[SourceTitle "CBM 214 Extra"]
[Source "ChessBase"]
[SourceDate "2023.07.31"]
[SourceVersion "1"]
[SourceVersionDate "2023.07.31"]
[SourceQuality "1"]

1. d4 Nf6 2. c4 e6 3. Nf3 b6 4. g3 Bb7 5. Bg2 Be7 6. 0-0 0-0 7. Nc3 d5 8. Ne5 Nbd7 9. cxd5 Nxe5 10. dxe5 Nxd5 11. Qb3 Nxc3 12. Bxb7 Nxe2+ 13. Kg2 Rb8 14. Be4 Nxc1 15. Qc2 Nxa2 16. Rxa2 a5 17. Rd1 Qc8 18. Bc6 Rd8 19. Raa1 Qa6 20. Be4 Bc5 21. Bxh7+ Kh8 22. Bd3 Qb7+ 23. Be4 c6 24. Qe2 g6 25. Qf3 Rxd1 26. Rxd1 Rc8 27. h4 Qc7 28. Qf4 Bf8 29. h5 gxh5 30. Rh1 Bg7 31. Rxh5+ Kg8 32. Qg5 Kf8 33. f4 Qe7 34. Qg4 f5 35. Rxf5+ Ke8 36. Qg6+ Kd8 37. Rf7 Qb4 38. Rxg7 Qxb2+ 39. Kh3 1-0

[Event "NED-ch U14"]
[Site "Almelo"]
[Date "2023.05.01"]
[Round "2"]
[White "Terlouw, Wouter"]
[Black "Roolvink, William"]
[Result "1/2-1/2"]
[WhiteElo "1923"]
[BlackElo "1852"]
[PlyCount "92"]
[EventDate "2023.04.30"]
[EventType "swiss"]
[EventRounds "9"]
[EventCountry "NED"]
[SourceTitle "CBM 214 Extra"]
[Source "ChessBase"]
[SourceDate "2023.07.31"]
[SourceVersion "1"]
[SourceVersionDate "2023.07.31"]
[SourceQuality "1"]

1. d4 Nf6 2. Nf3 g6 3. Nc3 d5 4. Bf4 Bg7 5. e3 0-0 6. Be2 c5 7. Qd2 Nc6 8. Ne5 Ne4 9. Nxe4 dxe4 10. 0-0-0 Nxe5 11. dxe5 Be6 12. Qc3 Qc7 13. h4 a6 14. Bc4 Bxc4 15. Qxc4 Bxe5 16. Qxe4 Bxf4 17. Qxf4 Qxf4 18. exf4 Rad8 19. Rxd8 Rxd8 20. Rd1 Rxd1+ 21. Kxd1 f6 22. Kd2 Kf7 23. Kd3 Ke6 24. Kc4 Kd6 25. a4 b6 26. g4 f5 27. g5 Kc6 28. Kd3 Kd5 29. c4+ Kc6 30. b3 Kd6 31. Ke3 Kd7 32. Kd3 Kc6 33. Kc2 Kd6 34. Kd3 e5 35. Ke3 e4 36. f3 exf3 37. Kxf3 Kc6 38. Ke3 b5 39. Kd3 bxa4 40. bxa4 Kb6 41. Kc3 Ka5 42. Kb3 Kb6 43. Ka3 Kc6 44. a5 Kd6 45. Kb3 Ke6 46. Kc3 Kd6 1/2-1/2

[Event "NED-ch U14"]
[Site "Almelo"]
[Date "2022.05.03"]
[Round "3"]
[White "Terlouw, Wouter"]
[Black "Kumar, Prajit Sai"]
[Result "1/2-1/2"]
[WhiteElo "1578"]
[BlackElo "2042"]
[PlyCount "143"]
[EventDate "2022.05.01"]
[EventType "swiss"]
[EventRounds "9"]
[EventCountry "NED"]
[SourceTitle "EXT 2023"]
[Source "ChessBase"]
[SourceDate "2022.10.05"]
[SourceVersion "1"]
[SourceVersionDate "2022.10.05"]
[SourceQuality "1"]

1. d4 d5 2. c4 c6 3. Nc3 Nf6 4. Nf3 e6 5. Bg5 Nbd7 6. e3 Qa5 7. Nd2 Bb4 8. Qc2 dxc4 9. Bxf6 Nxf6 10. Nxc4 Qc7 11. a3 Be7 12. b4 b6 13. Be2 0-0 14. 0-0 Ba6 15. Ne5 Bxe2 16. Nxe2 Rfc8 17. Rac1 c5 18. bxc5 bxc5 19. Nf3 Qa5 20. a4 h6 21. Qa2 Nd5 22. dxc5 Bxc5 23. Rc4 Rc7 24. Rfc1 Rac8 25. h3 Nxe3 26. Rxc5 Rxc5 27. Rxc5 Qxc5 28. fxe3 Qxe3+ 29. Kh2 Qe4 30. Ng3 Qf4 31. Qb3 h5 32. Qb7 Qc7 33. Qxc7 Rxc7 34. Ne5 Rc5 35. Nd3 Rc4 36. Ne2 Rxa4 37. Kg1 Ra2 38. Ndc1 Rc2 39. Kf2 a5 40. Ke3 e5 41. Kd3 Rc5 42. Nb3 Rb5 43. Kc4 Rb4+ 44. Kc3 Ra4 45. Ng3 g6 46. Nf1 Ra3 47. Kb2 Ra4 48. Kc3 Ra2 49. Nfd2 a4 50. Nc5 h4 51. Nd3 f6 52. Ne1 g5 53. Nc2 Kf7 54. Ne4 Kg6 55. Nc5 f5 56. Nd3 e4 57. Ndb4 Rxc2+ 58. Nxc2 g4 59. Kb4 Kg5 60. Kxa4 gxh3 61. gxh3 f4 62. Kb4 f3 63. Kc4 f2 64. Ne3 Kf4 65. Kd4 Kf3 66. Nf1 Kg2 67. Ne3+ Kxh3 68. Kxe4 Kg3 69. Kd3 Kf3 70. Nf1 h3 71. Nh2+ Kg2 72. Ke2 1/2-1/2

[Event "NED-ch U14"]
[Site "Almelo"]
[Date "2022.05.01"]
[Round "1"]
[White "Terlouw, Wouter"]
[Black "Arnold, Rhys"]
[Result "0-1"]
[WhiteElo "1578"]
[BlackElo "1846"]
[PlyCount "80"]
[EventDate "2022.05.01"]
[EventType "swiss"]
[EventRounds "9"]
[EventCountry "NED"]
[SourceTitle "EXT 2023"]
[Source "ChessBase"]
[SourceDate "2022.10.05"]
[SourceVersion "1"]
[SourceVersionDate "2022.10.05"]
[SourceQuality "1"]

1. d4 d5 2. c4 c6 3. Nc3 Nf6 4. Nf3 e6 5. Bg5 Nbd7 6. e3 Bb4 7. Qc2 Qa5 8. Bxf6 Nxf6 9. Nd2 dxc4 10. Nxc4 Qc7 11. Bd3 0-0 12. a3 Be7 13. b4 h6 14. h3 Nd5 15. 0-0 Bf6 16. Ne4 Rd8 17. Rac1 Qe7 18. Rcd1 Nb6 19. Nxf6+ Qxf6 20. Ne5 Bd7 21. Qb3 a6 22. a4 Nd5 23. b5 cxb5 24. axb5 a5 25. Ra1 Qe7 26. Be4 Be8 27. Nc4 Qb4 28. Qxb4 axb4 29. Rxa8 Rxa8 30. Bxd5 exd5 31. Nb6 Ra3 32. Nxd5 b3 33. Rb1 Bxb5 34. Nb4 Bc4 35. d5 Ra4 36. d6 Kf8 37. Nd3 Bxd3 38. Rxb3 Ba6 39. Rb2 Ke8 40. Rc2 Rc4 0-1

[Event "NED-ch op-B"]
[Site "Borne"]
[Date "2019.08.10"]
[Round "8"]
[White "Geldof, Max"]
[Black "Terlouw, Wouter"]
[Result "1-0"]
[WhiteElo "749"]
[BlackElo "1159"]
[PlyCount "67"]
[EventDate "2019.08.05"]
[EventType "swiss"]
[EventRounds "9"]
[EventCountry "NED"]
[SourceTitle "EXT 2020"]
[Source "ChessBase"]
[SourceDate "2019.10.17"]
[SourceVersion "1"]
[SourceVersionDate "2019.10.17"]
[SourceQuality "1"]

1. e4 c5 2. Nc3 Nc6 3. Nf3 g6 4. Bc4 Bg7 5. d3 d6 6. Bg5 Nf6 7. h3 0-0 8. 0-0 Bd7 9. Qd2 Qb6 10. b3 Qb4 11. Nd5 Nxd5 12. Bxd5 Qxd2 13. Nxd2 Bxa1 14. Rxa1 e6 15. Bxc6 Bxc6 16. Be7 Rfe8 17. Bxd6 b6 18. b4 Ba4 19. bxc5 Bxc2 20. cxb6 axb6 21. Rc1 Bxd3 22. Bc7 Rxa2 23. Nb3 Rc8 24. Bxb6 Rxc1+ 25. Nxc1 Ra1 26. Be3 Bxe4 27. f3 Bd5 28. Kf2 Kg7 29. Bd4+ Kh6 30. Bxa1 Kg5 31. g3 h5 32. Bc3 h4 33. Bd2+ Kh5 34. g4# 1-0

[Event "NED-ch op-B"]
[Site "Borne"]
[Date "2019.08.09"]
[Round "3"]
[White "Terlouw, Wouter"]
[Black "Zhang, Yourui Eric"]
[Result "1-0"]
[WhiteElo "1159"]
[BlackElo "447"]
[PlyCount "29"]
[EventDate "2019.08.05"]
[EventType "swiss"]
[EventRounds "9"]
[EventCountry "NED"]
[SourceTitle "EXT 2020"]
[Source "ChessBase"]
[SourceDate "2019.10.17"]
[SourceVersion "1"]
[SourceVersionDate "2019.10.17"]
[SourceQuality "1"]

1. d4 e6 2. e4 c5 3. c3 Nc6 4. Nf3 cxd4 5. cxd4 Be7 6. Nc3 Nf6 7. Bf4 0-0 8. Bd3 d6 9. Bc2 Bd7 10. Qd3 e5 11. dxe5 dxe5 12. Nxe5 Rc8 13. Nxc6 bxc6 14. e5 Ne8 15. Qxh7# 1-0

[Event "NED-ch op-A"]
[Site "Borne"]
[Date "2019.08.07"]
[Round "9"]
[White "Terlouw, Wouter"]
[Black "Meert, Maarin"]
[Result "1-0"]
[WhiteElo "1159"]
[BlackElo "475"]
[PlyCount "102"]
[EventDate "2019.08.05"]
[EventType "swiss"]
[EventRounds "9"]
[EventCountry "NED"]
[SourceTitle "EXT 2020"]
[Source "ChessBase"]
[SourceDate "2019.10.17"]
[SourceVersion "1"]
[SourceVersionDate "2019.10.17"]
[SourceQuality "1"]

1. d4 d5 2. c4 e6 3. Nc3 Nf6 4. cxd5 exd5 5. Bg5 Bb4 6. Nf3 Nc6 7. e3 Bf5 8. Bd3 Bxd3 9. Qxd3 0-0 10. 0-0 a6 11. a3 Bxc3 12. bxc3 h6 13. Bh4 Qd6 14. Bxf6 Qxf6 15. Rab1 b6 16. c4 dxc4 17. Qxc4 Ne7 18. Qxc7 Nd5 19. Qe5 Qxe5 20. Nxe5 f6 21. Nd7 Rfd8 22. Nxb6 Nxb6 23. Rxb6 Rdc8 24. Rfb1 Rc3 25. R6b3 Rxb3 26. Rxb3 Rc8 27. g3 a5 28. Rb5 Ra8 29. Kg2 Kf7 30. Kf3 Ke6 31. Ke4 Kd6 32. Kf5 Kc6 33. a4 Kd6 34. Kg6 Ke6 35. Kxg7 h5 36. Rxh5 f5 37. e4 fxe4 38. Re5+ Kd6 39. Rxe4 Rb8 40. Re5 Rb4 41. Rxa5 Rxd4 42. Ra8 Rb4 43. a5 Ra4 44. a6 Ke5 45. a7 Ke6 46. Re8+ Kd7 47. a8Q Rxa8 48. Rxa8 Ke6 49. Rf8 Ke7 50. h4 Ke6 51. h5 Kd5 1-0

[Event "NED-ch op-A"]
[Site "Borne"]
[Date "2019.08.05"]
[Round "2"]
[White "Barbier, Emma"]
[Black "Terlouw, Wouter"]
[Result "0-1"]
[WhiteElo "578"]
[BlackElo "1159"]
[PlyCount "136"]
[EventDate "2019.08.05"]
[EventType "swiss"]
[EventRounds "9"]
[EventCountry "NED"]
[SourceTitle "EXT 2020"]
[Source "ChessBase"]
[SourceDate "2019.10.17"]
[SourceVersion "1"]
[SourceVersionDate "2019.10.17"]
[SourceQuality "1"]

1. e4 c5 2. Bc4 Nc6 3. Nf3 g6 4. d4 cxd4 5. Nxd4 Bg7 6. Nf3 d6 7. Nc3 Nf6 8. Bg5 0-0 9. 0-0 Bg4 10. h3 Bd7 11. Qe2 Qb6 12. b3 Nd4 13. Qd3 Nxf3+ 14. Qxf3 Bc6 15. Bd5 Bxd5 16. Nxd5 Nxd5 17. exd5 Bxa1 18. Rxa1 f6 19. Bh6 Rfe8 20. Re1 Rac8 21. c4 Qa5 22. Re2 b5 23. Qe3 e5 24. dxe6 Re7 25. Qf3 f5 26. Bg5 Ree8 27. e7 bxc4 28. Qe3 cxb3 29. Qe6+ Kg7 30. Qf6+ Kg8 31. Bh6 Qc3 32. Qxc3 Rxc3 33. axb3 Rxb3 34. Re6 Rb6 35. Rf6 Rbb8 36. Rxd6 Rxe7 37. g3 Ra8 38. Bg5 Re1+ 39. Kg2 a5 40. Rf6 a4 41. Bd2 Rd1 42. Bc3 a3 43. g4 a2 44. gxf5 gxf5 45. Rxf5 Rc1 46. Rg5+ Kf8 47. Bg7+ Kf7 48. Be5 Rg8 49. Rxg8 Kxg8 50. f4 a1Q 51. Bxa1 Rxa1 52. Kg3 Kf7 53. Kg4 Ra4 54. Kf5 Ra5+ 55. Kg4 Kg6 56. Kf3 Kf5 57. Kg3 Ra4 58. Kf3 Rxf4+ 59. Ke3 Rh4 60. Kf2 Rxh3 61. Ke2 Rg3 62. Kd2 h5 63. Kc2 h4 64. Kd2 h3 65. Ke2 h2 66. Kd2 h1Q 67. Kc2 Qh2+ 68. Kd1 Rg2 0-1